[Event "Benidorm Satellite preliminary"]
[Site "playchess.com #007036"]
[Date "2009.10.24"]
[Round "4"]
[White "Mtudorache"]
[Black "Rubirov"]
[Result "1-0"]
[WhiteElo "1791"]
[BlackElo "1508"]
[PlyCount "43"]
[EventDate "2009.10.24"]
[EventType "swiss (blitz)"]

1. e4 {[%emt 0:00:38]} e6 {[%emt 0:00:02]} 2. d4 {[%emt 0:00:05]} d5 {[%emt 0:
00:03]} 3. Nd2 {[%emt 0:00:00]} dxe4 {[%emt 0:00:03]} 4. Nxe4 {[%emt 0:00:00]}
Nd7 {[%emt 0:00:01]} 5. Bd3 {[%emt 0:00:01]} Ngf6 {[%emt 0:00:01]} 6. Qe2 {
[%emt 0:00:00]} Be7 {[%emt 0:00:02]} 7. c3 {[%emt 0:00:02]} O-O {[%emt 0:00:04]
} 8. Nf3 {[%emt 0:00:01]} Nxe4 {[%emt 0:00:01]} 9. Bxe4 {[%emt 0:00:00]} Nf6 {
[%emt 0:00:01]} 10. Bd3 {[%emt 0:00:01]} b6 {[%emt 0:00:06]} 11. Ne5 {[%emt 0:
00:08]} Bb7 {[%emt 0:00:02]} 12. Bg5 {[%emt 0:00:14]} c5 {[%emt 0:00:11]} 13.
dxc5 {[%emt 0:00:11]} Bxc5 {[%emt 0:00:02]} 14. Rd1 {[%emt 0:00:01]} Qe7 {
[%emt 0:00:09]} 15. Ng4 {[%emt 0:00:19]} Kh8 {[%emt 0:00:36]} 16. O-O {[%emt 0:
00:16]} Rad8 {[%emt 0:00:34]} 17. b4 {[%emt 0:00:02]} Bd6 {[%emt 0:00:04]} 18.
Bxf6 {[%emt 0:00:03]} gxf6 {[%emt 0:00:12]} 19. Be4 {[%emt 0:00:01]} Rg8 {
[%emt 0:00:38]} 20. Nh6 {[%emt 0:00:15]} Bxe4 {[%emt 0:00:42]} 21. Qxe4 {[%emt
0:00:13] .} Rg6 {[%emt 0:00:01]} 22. Qh4 {[%emt 0:00:05] Tiempo} 1-0

[Event "Benidorm Satellite preliminary"]
[Site "playchess.com #007036"]
[Date "2009.10.24"]
[Round "4"]
[White "Franky Bono"]
[Black "Tackiness"]
[Result "1-0"]
[WhiteElo "2049"]
[BlackElo "1644"]
[PlyCount "105"]
[EventDate "2009.10.24"]
[EventType "swiss (blitz)"]

1. d4 {[%emt 0:00:01]} c5 {[%emt 0:00:02]} 2. d5 {[%emt 0:00:01]} d6 {[%emt 0:
00:01]} 3. c4 {[%emt 0:00:01]} e5 {[%emt 0:00:01]} 4. Nc3 {[%emt 0:00:03]} Be7
{[%emt 0:00:01]} 5. Nf3 {[%emt 0:00:09]} Bg4 {[%emt 0:00:04]} 6. b3 {[%emt 0:
00:06]} f5 {[%emt 0:00:08]} 7. h3 {[%emt 0:00:03]} Bxf3 {[%emt 0:00:02]} 8.
exf3 {[%emt 0:00:01]} Nf6 {[%emt 0:00:01]} 9. Bd3 {[%emt 0:00:03]} g6 {[%emt 0:
00:14]} 10. O-O {[%emt 0:00:09]} O-O {[%emt 0:00:14]} 11. Bh6 {[%emt 0:00:05]}
Rf7 {[%emt 0:00:04]} 12. Re1 {[%emt 0:00:03]} Bf8 {[%emt 0:00:02]} 13. Bxf8 {
[%emt 0:00:06]} Rxf8 {[%emt 0:00:12]} 14. Qd2 {[%emt 0:00:03]} Kg7 {[%emt 0:00:
01]} 15. Qg5 {[%emt 0:00:07]} Nbd7 {[%emt 0:00:05]} 16. Bxf5 {[%emt 0:00:04]}
Ng8 {[%emt 0:00:17]} 17. Qxd8 {[%emt 0:00:06]} Raxd8 {[%emt 0:00:01]} 18. Be6 {
[%emt 0:00:05]} a6 {[%emt 0:00:05]} 19. Ne4 {[%emt 0:00:02]} Ndf6 {[%emt 0:00:
02]} 20. a3 {[%emt 0:00:09]} Ne7 {[%emt 0:00:08]} 21. b4 {[%emt 0:00:06]} Nxe4
{[%emt 0:00:43]} 22. fxe4 {[%emt 0:00:02]} b6 {[%emt 0:00:11]} 23. bxc5 {[%emt
0:00:02]} bxc5 {[%emt 0:00:01]} 24. Rab1 {[%emt 0:00:05]} Rb8 {[%emt 0:00:01]}
25. a4 {[%emt 0:00:01]} a5 {[%emt 0:00:02]} 26. Rb5 {[%emt 0:00:02]} Rxb5 {
[%emt 0:00:01]} 27. axb5 {[%emt 0:00:01]} Nc8 {[%emt 0:00:38]} 28. Bxc8 {[%emt
0:00:02]} Rxc8 {[%emt 0:00:01]} 29. Ra1 {[%emt 0:00:01]} Ra8 {[%emt 0:00:14]}
30. Ra4 {[%emt 0:00:01]} Kf7 {[%emt 0:00:01]} 31. Kf1 {[%emt 0:00:01]} Ke7 {
[%emt 0:00:01]} 32. Ke2 {[%emt 0:00:01]} Kd7 {[%emt 0:00:02]} 33. Kf3 {[%emt 0:
00:01]} Ke7 {[%emt 0:00:01]} 34. Kg4 {[%emt 0:00:03]} Kf6 {[%emt 0:00:01]} 35.
h4 {[%emt 0:00:02]} h6 {[%emt 0:00:01]} 36. Kf3 {[%emt 0:00:01]} Ke7 {[%emt 0:
00:01]} 37. Ke3 {[%emt 0:00:01]} Kf6 {[%emt 0:00:01]} 38. f4 {[%emt 0:00:07]}
g5 {[%emt 0:00:06]} 39. fxg5+ {[%emt 0:00:03]} hxg5 {[%emt 0:00:01]} 40. h5 {
[%emt 0:00:01]} g4 {[%emt 0:00:03]} 41. Ra1 {[%emt 0:00:03]} Kg5 {[%emt 0:00:
01]} 42. Kd3 {[%emt 0:00:09]} Kxh5 {[%emt 0:00:02]} 43. Rf1 {[%emt 0:00:01]}
Kg6 {[%emt 0:00:02]} 44. g3 {[%emt 0:00:06]} Kg7 {[%emt 0:00:19]} 45. Kc3 {
[%emt 0:00:01]} Kg6 {[%emt 0:00:01]} 46. Kb3 {[%emt 0:00:01]} Kg7 {[%emt 0:00:
01]} 47. Ka4 {[%emt 0:00:01]} Kg6 {[%emt 0:00:01]} 48. b6 {[%emt 0:00:01]} Kg7
{[%emt 0:00:02]} 49. Kb5 {[%emt 0:00:01]} a4 {[%emt 0:00:02]} 50. b7 {[%emt 0:
00:01]} Rb8 {[%emt 0:00:02]} 51. Kc6 {[%emt 0:00:01]} a3 {[%emt 0:00:01]} 52.
Kc7 {[%emt 0:00:01]} Rf8 {[%emt 0:00:02]} 53. Rxf8 {[%emt 0:00:05] Tackiness
geeft op} 1-0

[Event "Benidorm Satellite preliminary"]
[Site "playchess.com #007036"]
[Date "2009.10.24"]
[Round "4"]
[White "Sff3"]
[Black "Nerpa"]
[Result "0-1"]
[WhiteElo "1707"]
[BlackElo "2089"]
[PlyCount "132"]
[EventDate "2009.10.24"]
[EventType "swiss (blitz)"]

1. c4 {[%emt 0:00:02]} Nf6 {[%emt 0:00:01]} 2. d4 {[%emt 0:00:01]} g6 {[%emt 0:
00:00]} 3. Nf3 {[%emt 0:00:02]} Bg7 {[%emt 0:00:01]} 4. Nc3 {[%emt 0:00:01]}
O-O {[%emt 0:00:01]} 5. g3 {[%emt 0:00:03]} d6 {[%emt 0:00:01]} 6. e3 {[%emt 0:
00:02]} Nc6 {[%emt 0:00:01]} 7. Bg2 {[%emt 0:00:01]} e5 {[%emt 0:00:01]} 8. d5
{[%emt 0:00:02]} Ne7 {[%emt 0:00:01]} 9. e4 {[%emt 0:00:01]} Ne8 {[%emt 0:00:
01]} 10. O-O {[%emt 0:00:02]} f5 {[%emt 0:00:01]} 11. exf5 {[%emt 0:00:02]}
Nxf5 {[%emt 0:00:03]} 12. Bg5 {[%emt 0:00:03]} Nf6 {[%emt 0:00:02]} 13. Ne4 {
[%emt 0:00:03]} h6 {[%emt 0:00:01]} 14. Bxf6 {[%emt 0:00:05]} Bxf6 {[%emt 0:00:
00]} 15. Nxf6+ {[%emt 0:00:04]} Qxf6 {[%emt 0:00:03]} 16. Qd2 {[%emt 0:00:02]}
e4 {[%emt 0:00:17]} 17. Ne1 {[%emt 0:00:02]} Nd4 {[%emt 0:00:03]} 18. Nc2 {
[%emt 0:00:02]} Nf3+ {[%emt 0:00:02]} 19. Bxf3 {[%emt 0:00:02]} exf3 {[%emt 0:
00:05]} 20. Nd4 {[%emt 0:00:08]} h5 {[%emt 0:00:13]} 21. Rfe1 {[%emt 0:00:06]}
h4 {[%emt 0:00:05]} 22. Re3 {[%emt 0:00:02]} hxg3 {[%emt 0:00:02]} 23. hxg3 {
[%emt 0:00:01]} Bg4 {[%emt 0:00:03]} 24. Rae1 {[%emt 0:00:04]} Qh8 {[%emt 0:00:
07]} 25. Qc3 {[%emt 0:00:04]} Qh3 {[%emt 0:00:06]} 26. Nxf3 {[%emt 0:00:03]}
Bxf3 {[%emt 0:00:04]} 27. Rxf3 {[%emt 0:00:01]} Rxf3 {[%emt 0:00:02]} 28. Qxf3
{[%emt 0:00:01]} Rf8 {[%emt 0:00:02]} 29. Qe3 {[%emt 0:00:01]} Qf5 {[%emt 0:00:
07]} 30. Qe6+ {[%emt 0:00:01]} Qxe6 {[%emt 0:00:03]} 31. Rxe6 {[%emt 0:00:01]}
Kf7 {[%emt 0:00:07]} 32. Kg2 {[%emt 0:00:03]} Rd8 {[%emt 0:00:01]} 33. f4 {
[%emt 0:00:02]} c6 {[%emt 0:00:01]} 34. Kf3 {[%emt 0:00:09]} b5 {[%emt 0:00:02]
} 35. b3 {[%emt 0:00:02]} bxc4 {[%emt 0:00:02]} 36. bxc4 {[%emt 0:00:00]} cxd5
{[%emt 0:00:01]} 37. cxd5 {[%emt 0:00:00]} a5 {[%emt 0:00:04]} 38. g4 {[%emt 0:
00:07]} a4 {[%emt 0:00:07]} 39. f5 {[%emt 0:00:02]} gxf5 {[%emt 0:00:01]} 40.
gxf5 {[%emt 0:00:00]} a3 {[%emt 0:00:02]} 41. Kf4 {[%emt 0:00:04]} Rb8 {[%emt
0:00:05]} 42. Rxd6 {[%emt 0:00:01]} Rb2 {[%emt 0:00:01]} 43. Ra6 {[%emt 0:00:
01]} Rxa2 {[%emt 0:00:01]} 44. Ke5 {[%emt 0:00:01]} Re2+ {[%emt 0:00:01]} 45.
Kd6 {[%emt 0:00:01]} a2 {[%emt 0:00:01]} 46. Kd7 {[%emt 0:00:01]} Rd2 {[%emt 0:
00:05]} 47. d6 {[%emt 0:00:03]} Kf6 {[%emt 0:00:01]} 48. Ra5 {[%emt 0:00:04]}
Kf7 {[%emt 0:00:06]} 49. Ra6 {[%emt 0:00:08]} Kf6 {[%emt 0:00:02]} 50. Kd8 {
[%emt 0:00:01]} Kf7 {[%emt 0:00:10]} 51. d7 {[%emt 0:00:02]} Kf8 {[%emt 0:00:
02]} 52. Kc8 {[%emt 0:00:12]} Rc2+ {[%emt 0:00:03]} 53. Kb8 {[%emt 0:00:05]}
Ke7 {[%emt 0:00:02]} 54. Rd6 {[%emt 0:00:13]} Kd8 {[%emt 0:00:05]} 55. Ra6 {
[%emt 0:00:03]} Kxd7 {[%emt 0:00:01]} 56. Kb7 {[%emt 0:00:03]} Rb2+ {[%emt 0:
00:02]} 57. Ka7 {[%emt 0:00:03]} Ke7 {[%emt 0:00:07]} 58. Ra5 {[%emt 0:00:02]}
Kf6 {[%emt 0:00:02]} 59. Ka6 {[%emt 0:00:01]} Kg5 {[%emt 0:00:04]} 60. Ra3 {
[%emt 0:00:03]} Kxf5 {[%emt 0:00:02]} 61. Ka5 {[%emt 0:00:04]} Ke4 {[%emt 0:00:
01]} 62. Ka4 {[%emt 0:00:02]} Kd4 {[%emt 0:00:02]} 63. Ka5 {[%emt 0:00:09]} Kc4
{[%emt 0:00:01]} 64. Ka4 {[%emt 0:00:03]} Rh2 {[%emt 0:00:03]} 65. Ka5 {[%emt
0:00:06]} Rg2 {[%emt 0:00:10]} 66. Ka4 {[%emt 0:00:06]} Rg8 {[%emt 0:00:02]
Sff3 abandonne} 0-1

[Event "Benidorm Satellite preliminary"]
[Site "playchess.com #007036"]
[Date "2009.10.24"]
[Round "4"]
[White "Maximums"]
[Black "Yang Guo"]
[Result "1/2-1/2"]
[WhiteElo "2620"]
[BlackElo "2811"]
[PlyCount "73"]
[EventDate "2009.10.24"]
[EventType "swiss (blitz)"]

1. d4 {[%emt 0:00:01]} e6 {[%emt 0:00:02]} 2. c4 {[%emt 0:00:02]} Nf6 {[%emt 0:
00:01]} 3. Nf3 {[%emt 0:00:01]} Nc6 {[%emt 0:00:02]} 4. a3 {[%emt 0:00:02]} d6
{[%emt 0:00:01]} 5. Nc3 {[%emt 0:00:01]} g6 {[%emt 0:00:00]} 6. Bf4 {[%emt 0:
00:10]} Bg7 {[%emt 0:00:02]} 7. e3 {[%emt 0:00:01]} O-O {[%emt 0:00:01]} 8. h3
{[%emt 0:00:01]} Re8 {[%emt 0:00:02]} 9. Be2 {[%emt 0:00:01]} Qe7 {[%emt 0:00:
08]} 10. O-O {[%emt 0:00:03]} e5 {[%emt 0:00:02]} 11. Bh2 {[%emt 0:00:09]} Nd7
{[%emt 0:00:18]} 12. Nd5 {[%emt 0:00:11]} Qd8 {[%emt 0:00:01]} 13. dxe5 {[%emt
0:00:01]} Ncxe5 {[%emt 0:00:03]} 14. Qc2 {[%emt 0:00:08]} c6 {[%emt 0:00:01]}
15. Nc3 {[%emt 0:00:09]} Qc7 {[%emt 0:00:01]} 16. Rfd1 {[%emt 0:00:03]} a5 {
[%emt 0:00:04]} 17. Nxe5 {[%emt 0:00:21]} dxe5 {[%emt 0:00:06]} 18. Ne4 {[%emt
0:00:21]} Nf8 {[%emt 0:01:01]} 19. Nd6 {[%emt 0:00:10]} Rd8 {[%emt 0:00:05]}
20. Nxc8 {[%emt 0:00:02]} Raxc8 {[%emt 0:00:00]} 21. b4 {[%emt 0:00:03]} axb4 {
[%emt 0:00:02]} 22. axb4 {[%emt 0:00:01]} h6 {[%emt 0:00:01]} 23. c5 {[%emt 0:
00:02]} b6 {[%emt 0:00:19]} 24. Bc4 {[%emt 0:00:09]} bxc5 {[%emt 0:00:01]} 25.
bxc5 {[%emt 0:00:02]} Qe7 {[%emt 0:00:00]} 26. Bg3 {[%emt 0:00:15]} Kh7 {[%emt
0:00:05]} 27. Qb3 {[%emt 0:00:17]} Rb8 {[%emt 0:00:07]} 28. Qa4 {[%emt 0:00:12]
} Ne6 {[%emt 0:00:20]} 29. Qxc6 {[%emt 0:00:08]} Rbc8 {[%emt 0:00:11]} 30. Qb5
{[%emt 0:00:17]} Rxc5 {[%emt 0:00:02]} 31. Qb4 {[%emt 0:00:05]} Rdc8 {[%emt 0:
00:03]} 32. Bxe6 {[%emt 0:00:09]} Qxe6 {[%emt 0:00:00]} 33. Ra7 {[%emt 0:00:10]
} R5c7 {[%emt 0:00:03]} 34. Rxc7 {[%emt 0:00:02]} Rxc7 {[%emt 0:00:00]} 35. Qd6
{[%emt 0:00:03]} Rc6 {[%emt 0:00:12] Yang Guo offers a draw} 36. Qxe6 {[%emt 0:
00:02] Maximums offers a draw} Rxe6 {[%emt 0:00:02]} 37. e4 {[%emt 0:00:02]}
1/2-1/2

[Event "Benidorm Satellite preliminary"]
[Site "playchess.com #007036"]
[Date "2009.10.24"]
[Round "4"]
[White "Pfleger"]
[Black "Chesstiger9"]
[Result "0-1"]
[WhiteElo "1693"]
[BlackElo "2077"]
[PlyCount "86"]
[EventDate "2009.10.24"]
[EventType "swiss (blitz)"]

1. e4 {[%emt 0:00:09]} c5 {[%emt 0:00:01]} 2. b3 {[%emt 0:00:04]} d5 {[%emt 0:
00:02]} 3. exd5 {[%emt 0:00:02]} Qxd5 {[%emt 0:00:01]} 4. Bb2 {[%emt 0:00:00]}
e5 {[%emt 0:00:02]} 5. Bc3 {[%emt 0:00:05]} Nc6 {[%emt 0:00:03]} 6. Bb2 {[%emt
0:00:05]} Bf5 {[%emt 0:00:08]} 7. Nc3 {[%emt 0:00:03]} Qd7 {[%emt 0:00:03]} 8.
d3 {[%emt 0:00:04]} Nf6 {[%emt 0:00:03]} 9. Nf3 {[%emt 0:00:05]} O-O-O {[%emt
0:00:04]} 10. Be2 {[%emt 0:00:17]} h6 {[%emt 0:00:04]} 11. Qd2 {[%emt 0:00:07]}
g5 {[%emt 0:00:03]} 12. O-O-O {[%emt 0:00:04]} Bg7 {[%emt 0:00:08]} 13. Kb1 {
[%emt 0:00:02]} a6 {[%emt 0:00:04]} 14. Na4 {[%emt 0:00:06]} Qd6 {[%emt 0:00:
14]} 15. Nb6+ {[%emt 0:00:15]} Kc7 {[%emt 0:00:04]} 16. Nc4 {[%emt 0:00:02]}
Qd5 {[%emt 0:00:03]} 17. Qc1 {[%emt 0:00:30]} Rhe8 {[%emt 0:00:07]} 18. h3 {
[%emt 0:00:11]} b5 {[%emt 0:00:01]} 19. Ne3 {[%emt 0:00:02]} Qd7 {[%emt 0:00:
01]} 20. Rhe1 {[%emt 0:00:06]} Bg6 {[%emt 0:00:05]} 21. Nf1 {[%emt 0:00:08]}
Nd5 {[%emt 0:00:03]} 22. N1h2 {[%emt 0:00:06]} Nd4 {[%emt 0:00:04]} 23. Nxd4 {
[%emt 0:00:03]} exd4 {[%emt 0:00:01]} 24. Bf3 {[%emt 0:00:03]} Nf4 {[%emt 0:00:
03]} 25. Rxe8 {[%emt 0:00:35]} Rxe8 {[%emt 0:00:01]} 26. Re1 {[%emt 0:00:01]}
Rxe1 {[%emt 0:00:13]} 27. Qxe1 {[%emt 0:00:02]} h5 {[%emt 0:00:02]} 28. Bc1 {
[%emt 0:00:03]} Ne6 {[%emt 0:00:08]} 29. Qe2 {[%emt 0:00:03]} Qd6 {[%emt 0:00:
02]} 30. Nf1 {[%emt 0:00:03]} h4 {[%emt 0:00:04]} 31. Bg4 {[%emt 0:00:07]} Be5
{[%emt 0:00:02]} 32. Bxe6 {[%emt 0:00:04]} fxe6 {[%emt 0:00:07]} 33. Bxg5 {
[%emt 0:00:02]} c4 {[%emt 0:00:08]} 34. dxc4 {[%emt 0:00:05]} d3 {[%emt 0:00:
02]} 35. Qe1 {[%emt 0:00:11]} dxc2+ {[%emt 0:00:02]} 36. Kc1 {[%emt 0:00:01]}
Bc3 {[%emt 0:00:05]} 37. Qe2 {[%emt 0:00:11]} Qd3 {[%emt 0:00:04]} 38. Qxd3 {
[%emt 0:00:01]} Bxd3 {[%emt 0:00:02]} 39. Nd2 {[%emt 0:00:01]} Bd4 {[%emt 0:00:
03]} 40. cxb5 {[%emt 0:00:02]} axb5 {[%emt 0:00:06]} 41. Bxh4 {[%emt 0:00:01]}
Bc5 {[%emt 0:00:03]} 42. Bg3+ {[%emt 0:00:01]} Kd7 {[%emt 0:00:01]} 43. h4 {
[%emt 0:00:01]} Ba3# {[%emt 0:00:01]} 0-1

[Event "Benidorm Satellite preliminary"]
[Site "playchess.com #007036"]
[Date "2009.10.24"]
[Round "4"]
[White "FaIlWoRd"]
[Black "Pepecuenca2"]
[Result "1-0"]
[WhiteElo "2691"]
[BlackElo "2388"]
[PlyCount "63"]
[EventDate "2009.10.24"]
[EventType "swiss (blitz)"]

1. e4 {[%emt 0:00:06]} d6 {[%emt 0:00:02]} 2. d4 {[%emt 0:00:01]} Nf6 {[%emt 0:
00:01]} 3. Nc3 {[%emt 0:00:01]} e5 {[%emt 0:00:01]} 4. f4 {[%emt 0:00:04]} exd4
{[%emt 0:00:14]} 5. Qxd4 {[%emt 0:00:02]} Nc6 {[%emt 0:00:01]} 6. Bb5 {[%emt 0:
00:01]} Bd7 {[%emt 0:00:00]} 7. Bxc6 {[%emt 0:00:06]} Bxc6 {[%emt 0:00:01]} 8.
Nf3 {[%emt 0:00:02]} Be7 {[%emt 0:00:01]} 9. O-O {[%emt 0:00:01]} O-O {[%emt 0:
00:03]} 10. Kh1 {[%emt 0:00:20]} Re8 {[%emt 0:00:01]} 11. Bd2 {[%emt 0:00:28]}
b5 {[%emt 0:00:09]} 12. a3 {[%emt 0:00:06]} a5 {[%emt 0:00:02]} 13. Rae1 {
[%emt 0:00:07]} Qb8 {[%emt 0:00:15]} 14. e5 {[%emt 0:00:18]} Nd7 {[%emt 0:00:
08]} 15. Nd5 {[%emt 0:00:07]} Bxd5 {[%emt 0:00:05]} 16. Qxd5 {[%emt 0:00:01]}
Nb6 {[%emt 0:00:01]} 17. Qxb5 {[%emt 0:00:05]} d5 {[%emt 0:00:08]} 18. f5 {
[%emt 0:00:09]} Nc4 {[%emt 0:00:04]} 19. Qxd5 {[%emt 0:00:02]} Nxd2 {[%emt 0:
00:08]} 20. Qxd2 {[%emt 0:00:00]} Qxb2 {[%emt 0:00:03]} 21. f6 {[%emt 0:00:14]}
gxf6 {[%emt 0:00:13]} 22. Qh6 {[%emt 0:00:01]} Qb6 {[%emt 0:00:26] Pepecuenca2
offers a draw} 23. e6 {[%emt 0:00:17]} fxe6 {[%emt 0:00:05]} 24. Re4 {[%emt 0:
00:05]} f5 {[%emt 0:00:37]} 25. Ng5 {[%emt 0:00:15]} Bxg5 {[%emt 0:00:12]} 26.
Qxg5+ {[%emt 0:00:00]} Kh8 {[%emt 0:00:25]} 27. Qf6+ {[%emt 0:00:15]} Kg8 {
[%emt 0:00:01]} 28. Rh4 {[%emt 0:00:11]} e5 {[%emt 0:00:20]} 29. Qxf5 {[%emt 0:
00:10]} Re7 {[%emt 0:00:04]} 30. Rg4+ {[%emt 0:00:03]} Rg7 {[%emt 0:00:01]} 31.
Qf7+ {[%emt 0:00:02]} Kh8 {[%emt 0:00:02]} 32. Qxg7# {[%emt 0:00:01]} 1-0

[Event "Benidorm Satellite preliminary"]
[Site "playchess.com #007036"]
[Date "2009.10.24"]
[Round "4"]
[White "Hardrock"]
[Black "LordSeban"]
[Result "1-0"]
[WhiteElo "2577"]
[BlackElo "2714"]
[PlyCount "59"]
[EventDate "2009.10.24"]
[EventType "swiss (blitz)"]

1. d4 {[%emt 0:00:01]} d5 {[%emt 0:00:02]} 2. c4 {[%emt 0:00:01]} c6 {[%emt 0:
00:01]} 3. Nf3 {[%emt 0:00:01]} Nf6 {[%emt 0:00:01]} 4. e3 {[%emt 0:00:01]} g6
{[%emt 0:00:01]} 5. Nc3 {[%emt 0:00:04]} Bg7 {[%emt 0:00:01]} 6. Be2 {[%emt 0:
00:05]} O-O {[%emt 0:00:01]} 7. O-O {[%emt 0:00:05]} dxc4 {[%emt 0:00:01]} 8.
Bxc4 {[%emt 0:00:05]} Bg4 {[%emt 0:00:01]} 9. h3 {[%emt 0:00:07]} Bxf3 {[%emt
0:00:01]} 10. Qxf3 {[%emt 0:00:01]} Nbd7 {[%emt 0:00:00]} 11. Rd1 {[%emt 0:00:
08]} e5 {[%emt 0:00:01]} 12. d5 {[%emt 0:00:09]} e4 {[%emt 0:00:05]} 13. Nxe4 {
[%emt 0:00:07]} cxd5 {[%emt 0:00:17]} 14. Nxf6+ {[%emt 0:00:10]} Nxf6 {[%emt 0:
00:00]} 15. e4 {[%emt 0:00:17]} dxe4 {[%emt 0:00:07]} 16. Bxf7+ {[%emt 0:00:11]
} Kh8 {[%emt 0:00:07]} 17. Qb3 {[%emt 0:00:03]} Qe7 {[%emt 0:00:35]} 18. Bc4 {
[%emt 0:00:03]} Nh5 {[%emt 0:00:11]} 19. Be3 {[%emt 0:00:08]} a6 {[%emt 0:00:
18]} 20. Rac1 {[%emt 0:00:09]} b5 {[%emt 0:00:20]} 21. Bf1 {[%emt 0:00:03]} Nf4
{[%emt 0:00:11]} 22. Bc5 {[%emt 0:00:09]} Qg5 {[%emt 0:00:05]} 23. g3 {[%emt 0:
00:12]} Rf5 {[%emt 0:00:17]} 24. Be3 {[%emt 0:00:12]} Raf8 {[%emt 0:00:07]} 25.
Rd7 {[%emt 0:00:13]} Be5 {[%emt 0:00:12]} 26. Kh1 {[%emt 0:00:06]} Qh6 {[%emt
0:00:15]} 27. Rc6 {[%emt 0:00:13]} Rh5 {[%emt 0:00:01]} 28. Bxf4 {[%emt 0:00:
10]} Rxf4 {[%emt 0:00:18]} 29. gxf4 {[%emt 0:00:08]} Qxf4 {[%emt 0:00:03]} 30.
Rc8+ {[%emt 0:00:05] LordSeban resigns} 1-0

[Event "Benidorm Satellite preliminary"]
[Site "playchess.com #007036"]
[Date "2009.10.24"]
[Round "4"]
[White "JohnMLN"]
[Black "Ferdi Sert"]
[Result "0-1"]
[WhiteElo "1672"]
[BlackElo "1840"]
[PlyCount "68"]
[EventDate "2009.10.24"]
[EventType "swiss (blitz)"]

1. c4 {[%emt 0:00:06]} Nf6 {[%emt 0:00:01]} 2. Nf3 {[%emt 0:00:14]} c5 {[%emt
0:00:03]} 3. e3 {[%emt 0:00:16]} e6 {[%emt 0:00:02]} 4. d3 {[%emt 0:00:02]} Nc6
{[%emt 0:00:02]} 5. Be2 {[%emt 0:00:02]} d5 {[%emt 0:00:01]} 6. Nbd2 {[%emt 0:
00:02]} Be7 {[%emt 0:00:02]} 7. g4 {[%emt 0:00:15]} Nxg4 {[%emt 0:00:05]} 8.
Rg1 {[%emt 0:00:02]} Nh6 {[%emt 0:00:05]} 9. Rxg7 {[%emt 0:00:02]} Nf5 {[%emt
0:00:01]} 10. Rg1 {[%emt 0:00:03]} b6 {[%emt 0:00:08]} 11. Qc2 {[%emt 0:00:16]}
Bf6 {[%emt 0:00:03]} 12. a3 {[%emt 0:00:04]} Bb7 {[%emt 0:00:06]} 13. Rb1 {
[%emt 0:00:01]} Bh4 {[%emt 0:00:31]} 14. Qa4 {[%emt 0:00:42]} Kf8 {[%emt 0:00:
45]} 15. Nf1 {[%emt 0:00:59]} Bf6 {[%emt 0:00:08]} 16. b4 {[%emt 0:00:03]} cxb4
{[%emt 0:00:34] '} 17. axb4 {[%emt 0:00:00]} Rg8 {[%emt 0:00:11]} 18. Rxg8+ {
[%emt 0:00:06]} Kxg8 {[%emt 0:00:01]} 19. Ng3 {[%emt 0:00:18]} Nxg3 {[%emt 0:
00:05]} 20. hxg3 {[%emt 0:00:00]} a5 {[%emt 0:00:08]} 21. cxd5 {[%emt 0:00:04]}
Qxd5 {[%emt 0:00:05]} 22. bxa5 {[%emt 0:00:02]} Rxa5 {[%emt 0:00:03]} 23. Qc2 {
[%emt 0:00:01]} Rc5 {[%emt 0:00:05]} 24. Qd2 {[%emt 0:00:01]} Bc3 {[%emt 0:00:
02]} 25. Rxb6 {[%emt 0:00:07]} Bxd2+ {[%emt 0:00:02]} 26. Bxd2 {[%emt 0:00:00]}
Ne7 {[%emt 0:00:05]} 27. e4 {[%emt 0:00:03]} Qd7 {[%emt 0:00:03]} 28. Ne5 {
[%emt 0:00:01]} Rxe5 {[%emt 0:00:02]} 29. f4 {[%emt 0:00:01]} Rb5 {[%emt 0:00:
01]} 30. Rxb5 {[%emt 0:00:02]} Qxb5 {[%emt 0:00:01]} 31. d4 {[%emt 0:00:00]}
Qb1+ {[%emt 0:00:01]} 32. Kf2 {[%emt 0:00:00]} Qxe4 {[%emt 0:00:01]} 33. Bf3 {
[%emt 0:00:01]} Qxf3+ {[%emt 0:00:01]} 34. Ke1 {[%emt 0:00:02]} Nd5 {[%emt 0:
00:01] JohnMLN resigns} 0-1

[Event "Benidorm Satellite preliminary"]
[Site "playchess.com #007036"]
[Date "2009.10.24"]
[Round "4"]
[White "Racoony"]
[Black "Aref__gm"]
[Result "0-1"]
[WhiteElo "1741"]
[BlackElo "2296"]
[PlyCount "64"]
[EventDate "2009.10.24"]
[EventType "swiss (blitz)"]

1. d4 {[%emt 0:00:00]} Nf6 {[%emt 0:00:02]} 2. c4 {[%emt 0:00:02]} e6 {[%emt 0:
00:01]} 3. Nc3 {[%emt 0:00:05]} Bb4 {[%emt 0:00:01]} 4. f3 {[%emt 0:00:02]} d5
{[%emt 0:00:02]} 5. a3 {[%emt 0:00:01]} Bxc3+ {[%emt 0:00:02]} 6. bxc3 {[%emt
0:00:01]} O-O {[%emt 0:00:04]} 7. cxd5 {[%emt 0:00:07]} exd5 {[%emt 0:00:01]}
8. e3 {[%emt 0:00:10]} Re8 {[%emt 0:00:01]} 9. Bd3 {[%emt 0:00:07]} c5 {[%emt
0:00:02]} 10. Ne2 {[%emt 0:00:02]} Nc6 {[%emt 0:00:04]} 11. O-O {[%emt 0:00:03]
} cxd4 {[%emt 0:00:32]} 12. cxd4 {[%emt 0:00:03]} b6 {[%emt 0:00:20]} 13. Bb2 {
[%emt 0:00:05]} a5 {[%emt 0:00:04]} 14. Rc1 {[%emt 0:00:08]} Qd6 {[%emt 0:00:
15]} 15. Qd2 {[%emt 0:00:05]} Ba6 {[%emt 0:00:03]} 16. Rc2 {[%emt 0:00:18]} b5
{[%emt 0:00:10]} 17. Rfc1 {[%emt 0:00:02]} Rac8 {[%emt 0:00:13]} 18. a4 {[%emt
0:00:11]} Nb4 {[%emt 0:00:45]} 19. Rxc8 {[%emt 0:00:03]} Rxc8 {[%emt 0:00:02]}
20. Rxc8+ {[%emt 0:00:02]} Bxc8 {[%emt 0:00:01]} 21. Bxb5 {[%emt 0:00:01]} Bd7
{[%emt 0:00:10]} 22. Bxd7 {[%emt 0:00:04]} Qxd7 {[%emt 0:00:01]} 23. Ba3 {
[%emt 0:00:02]} Qxa4 {[%emt 0:00:06]} 24. Qc1 {[%emt 0:00:15]} g6 {[%emt 0:00:
09]} 25. Nc3 {[%emt 0:00:08]} Qb3 {[%emt 0:00:06]} 26. Bxb4 {[%emt 0:00:05]}
axb4 {[%emt 0:00:02]} 27. Nb5 {[%emt 0:00:01]} Qc4 {[%emt 0:00:09]} 28. Qf1 {
[%emt 0:00:12]} b3 {[%emt 0:00:05]} 29. Qxc4 {[%emt 0:00:09]} dxc4 {[%emt 0:00:
01]} 30. Nc3 {[%emt 0:00:01]} b2 {[%emt 0:00:05]} 31. Kf2 {[%emt 0:00:02]} Nd5
{[%emt 0:00:02]} 32. Nb1 {[%emt 0:01:02] .} c3 {[%emt 0:00:02] Racoony gibt auf
} 0-1